| 000 | 00371nam a22001457a 4500 | ||
|---|---|---|---|
| 020 | _a9971512599 | ||
| 040 | _cNust | ||
| 082 |
_a530 _bHAL |
||
| 100 |
_aDavid Halliday _940162 |
||
| 245 | _aFundamentals of Physics | ||
| 250 | _a5th Edition | ||
| 260 |
_aNow York: _bJohn Wiley and sons Inc, _c1997. |
||
| 650 |
_aFundamentals of Physics _9124532 |
||
| 942 |
_2ddc _cBK |
||
| 999 |
_c611424 _d611424 |
||